| 000 | 00734cam a22002651 4500 | ||
|---|---|---|---|
| 001 | sa 67006207 | ||
| 003 | DLC | ||
| 005 | 20260227112404.0 | ||
| 008 | 860514m19669999ii ab b 000 0 benr | ||
| 010 | _asa 67006207 | ||
| 020 | _cv. 1: Rs 6 | ||
| 025 | _aPL480:I-B-2882 | ||
| 035 | _a(OCoLC)23578501 | ||
| 040 |
_aDLC _cMiU _dDLC |
||
| 042 | _apremarc | ||
| 050 | 0 | 0 |
_aN7301 _b.D33 |
| 100 | 1 |
_aDatta, Bimal Kumar, _d1920- |
|
| 245 | 1 | 0 |
_aBhārata-śilpa. _c[Lekhaka] Bimalakumāra Datta. |
| 250 | _a[Bidyābhāratī saṃskaraṇa] | ||
| 260 |
_aKalikātā, _bBidyābhāratī _c[1966- |
||
| 300 |
_av. _billus., map. _c23 cm. |
||
| 500 | _aIn Bengali. | ||
| 504 | _aBibliography: v. 1. p. [74]-75. | ||
| 650 | 0 | _aArt, Indic. | |
| 999 |
_c75765 _d75765 |
||